000 004440000a22001810004500
003 MACL
005 20160123144535.0
008 160123b xxu||||| |||| 00| 0 eng d
040 _aMACL
_cMACL
041 _aEnglish
082 _a540/SIN
100 _aSingh, A.S..
_934335
245 _aNumerical Chemistry
260 _bJaiprakash Nath Publication
_c2001
_aMeerut
350 _a190
650 _aChemistry
_934336
942 _cBK
_k540Sin
_2ddc
999 _c32763
_d32763